[Event "PRO League KO 2023"]
[Site "chess.com INT"]
[Date "2023.05.14"]
[Round "3.2"]
[White "Wei Yi"]
[Black "Vokhidov, Shamsiddin"]
[Result "1-0"]
[WhiteElo "2722"]
[BlackElo "2586"]
[PlyCount "61"]
[EventDate "2023.05.11"]
[WhiteTeam "Shanghai Tigers"]
[BlackTeam "Gotham Knights"]

1. d4 Nf6 2. c4 e6 3. Nc3 Bb4 4. a3 Bxc3+ 5. bxc3 b6 6. f3 Nc6 7. e4 Ba6 8. Bg5 h6 9. Bh4 Na5 10. e5 g5 11. Bf2 Nh5 12. h4 ({RR} 12. c5 Bxf1 13. Kxf1 d6 14. exd6 cxd6 15. h4 gxh4 16. Rxh4 Nf6 17. c4 dxc5 18. dxc5 Qxd1+ 19. Rxd1 Nd7 20. cxb6 axb6 21. Ne2 Rc8 22. Nc3 Rxc4 23. Ne4 Rc7 24. Nd6+ Kf8 25. Bg3 e5 26. Nf5 f6 {Carlsen,M (2861)-Ding,L (2805) Cupar 2019 ½-½ (44)}) 12... Nf4 ({RR} 12... Bxc4 13. hxg5 Qxg5 14. Nh3 Qe7 15. Bxc4 Nxc4 16. Qd3 d5 17. g4 Ng7 18. Nf4 Qg5 19. Nh3 Qg6 20. Qe2 h5 21. Nf4 Qg5 22. Nd3 Kd7 23. Bh4 hxg4 24. Bxg5 Rxh1+ 25. Kf2 Rh2+ 26. Kf1 Rxe2 27. Kxe2 {Jval Saurin Patel (2331)-Keymer,V (2730) chess.com INT 2025 0-1 (53)}) 13. Qa4 $146 ({RR} 13. hxg5 Bxc4 14. gxh6 Bxf1 15. Kxf1 Qg5 16. g3 Nd5 17. Qd3 Rxh6 18. Rxh6 Qxh6 19. c4 Ne7 20. Qe4 Rd8 21. Be3 Qg7 22. Nh3 Nf5 23. Bf4 Nxg3+ 24. Bxg3 Qxg3 25. Qh7 Ke7 26. Ke2 Rg8 27. Rg1 Qh2+ {Prozhanski,G (2229)-Ben Ari,Y (2417) Acre ISR 2024 0-1 (40)}) 13... Qe7 14. h5 Bxc4 15. Bxc4 Nxg2+ 16. Kf1 Nf4 17. Ne2 Nxe2 18. Bxe2 f6 19. exf6 Qxf6 20. Kg2 O-O 21. Bg3 d6 22. Rae1 Rf7 23. Rhf1 Raf8 24. Bd3 Re7 25. f4 gxf4 26. Rxf4 Qg5 27. Rxf8+ Kxf8 28. Rf1+ Rf7 29. Rxf7+ Kxf7 30. Bg6+ Ke7 31. Qe8+ 1-0

[Event "Global Chess League Final"]
[Site "Dubai UAE"]
[Date "2023.07.02"]
[Round "3.3"]
[White "Wei Yi"]
[Black "Vidit, S.."]
[Result "0-1"]
[WhiteElo "2726"]
[BlackElo "2719"]
[PlyCount "102"]
[EventDate "2023.07.02"]
[WhiteTeam "Triveni Continental Kings"]
[BlackTeam "Upgrad mumba masters"]

1. d4 Nf6 2. c4 e6 3. Nc3 Bb4 4. Qc2 d5 5. Nf3 O-O 6. cxd5 exd5 7. Bg5 h6 8. Bh4 c5 9. dxc5 Nbd7 10. e3 g5 ({RR} 10... Qa5 11. Bd3 Ne4 12. O-O Bxc3 13. bxc3 Ndxc5 14. Nd4 Nxd3 15. Qxd3 Re8 16. Rfc1 Bd7 17. c4 dxc4 18. Rxc4 Qd5 19. Rcc1 Rac8 20. Qa3 a6 21. f3 Nd6 22. Bf2 Nc4 23. Qd3 b5 24. e4 Qd6 25. Qb3 {So,W (2812)-Carlsen,M (2832) Paris 2017 0-1 (48)}) 11. Bg3 Nxc5 12. Bd3 Nfe4 ({RR} 12... Nxd3+ 13. Qxd3 Ne4 14. Nd4 Qa5 15. O-O Bxc3 16. bxc3 Bd7 17. c4 Qa6 18. Nb5 Bxb5 19. cxb5 Qe6 20. Rfd1 Rfd8 21. Rac1 Nxg3 22. hxg3 Rac8 23. Qd4 b6 24. a4 Qe4 25. Rxc8 Rxc8 26. Qxd5 Qxd5 27. Rxd5 {Arnav,A (2143)-Mukund Hemant Agarwal (2130) Ahmedabad IND 2025 1-0 (56)}) 13. Nd4 $146 ({RR} 13. O-O Bxc3 14. bxc3 Bf5 15. Bxe4 Bxe4 16. Qd1 Qf6 17. Qd4 Qxd4 18. cxd4 Na4 19. Rfc1 Bxf3 20. gxf3 Rac8 21. Bc7 f6 22. Rab1 b6 23. Rc2 Nc5 24. Bxb6 axb6 25. dxc5 bxc5 26. Rb5 d4 27. Rbxc5 Rxc5 {Dvirnyy,D (2560)-Hracek,Z (2605) Prague 2016 ½-½ (32)}) 13... Bxc3+ 14. bxc3 Re8 15. O-O Bd7 16. c4 Nxd3 17. Qxd3 dxc4 18. Qxc4 Nd2 19. Qe2 Nxf1 20. Rxf1 Qf6 21. Qd2 Rac8 22. f4 g4 23. f5 Re4 24. Bf4 h5 25. Qa5 a6 26. Qb4 Bb5 27. Rd1 Rc4 28. Qd2 Ba4 29. Rf1 Kh7 30. Qf2 Bc6 31. Bg3 Bd5 32. Rd1 Qg5 33. Bf4 Qe7 34. a3 Rc3 35. Re1 Rxa3 36. h3 Ra2 37. Qg3 Rxd4 38. hxg4 Rxg2+ 39. Qxg2 Bxg2 40. Kxg2 Qe4+ 41. Kg3 Rd2 42. Rg1 h4+ 43. Kxh4 Rg2 44. Rc1 Qf3 45. Kg5 Qxg4+ 46. Kf6 Qg7+ 47. Ke7 f6+ 48. Ke6 Qg8+ 49. Kxf6 Qf8+ 50. Ke6 Qe8+ 51. Kf6 Rg7 0-1

[Event "SCO National Chess Online"]
[Site "chess.com INT"]
[Date "2022.11.19"]
[Round "7"]
[White "Wei Yi"]
[Black "Maghsoodloo, Parham"]
[Result "1/2-1/2"]
[WhiteElo "2722"]
[BlackElo "2720"]
[PlyCount "138"]
[EventDate "2022.11.19"]
[WhiteTeam "China"]
[BlackTeam "Iran"]
[WhiteTeamCountry "CHN"]
[BlackTeamCountry "IRI"]

1. d4 d5 2. c4 e6 3. Nc3 Bb4 4. a3 Bxc3+ 5. bxc3 Nf6 6. cxd5 exd5 7. e3 c5 8. Bd3 O-O 9. Ne2 b6 10. O-O Ba6 11. f3 Re8 12. Ng3 Bxd3 13. Qxd3 Nc6 14. Bb2 h5 15. Rae1 cxd4 16. cxd4 h4 17. Nf5 h3 18. g4 ({RR} 18. Ng3 Ne7 19. e4 hxg2 20. Kxg2 Ng6 21. Qd2 dxe4 22. fxe4 Nxe4 23. Nxe4 Rxe4 24. Rxe4 Qd5 25. Rfe1 Re8 26. Kg3 Rxe4 27. Rxe4 Qxe4 28. d5 Qh4+ 29. Kf3 Qh3+ 30. Ke4 Qg4+ 31. Kd3 Nf4+ 32. Kc3 Qf3+ {Berdayes Ason,D (2488)-Habans Aguerrea,J (2448) Barcelona ESP 2025 0-1 (53)}) 18... Ne7 19. Ng3 Qd7 20. Rf2 Nh7 $146 ({RR} 20... Rac8 21. Qf1 Ng6 22. Qxh3 Qb5 23. g5 Nh7 24. Qg4 Qb3 25. h4 Rc2 26. Rxc2 Qxc2 27. Re2 Qd3 28. Kf2 Re6 29. Qf5 Qb3 30. Qc2 Rxe3 31. Qc8+ Nhf8 32. Rxe3 Qxb2+ 33. Ne2 Nxh4 34. Qg4 Nhg6 35. f4 {Petrosian,T-Fridstein,G Moscow 1947 1-0 (41)}) 21. Qf1 Ng5 22. f4 Ne4 23. Nxe4 dxe4 24. f5 Nd5 25. Qxh3 f6 26. Qg3 Rac8 27. h4 Kf7 28. g5 Ke7 29. g6 Qa4 30. Kg2 Kd7 31. Rfe2 Rc2 32. Rxc2 Qxc2+ 33. Qf2 Rc8 34. h5 Qd3 35. h6 gxh6 36. Re2 Qd1 37. Qf1 Qd3 38. Qf2 b5 39. Kh2 a5 40. Rd2 Qb3 41. Re2 b4 42. axb4 axb4 43. Kg3 Qd3 44. Kh4 b3 45. Qe1 Qb5 46. Qf2 Ne7 47. d5 Rc2 48. Rxc2 bxc2 49. Qxc2 Nxf5+ 50. Kh3 Ne7 51. Qxe4 Qxb2 52. Qe6+ Kd8 53. g7 Qe5 54. g8=Q+ Nxg8 55. Qxg8+ Kd7 56. Qg7+ Kd6 57. Qxh6 Kxd5 58. Qf4 Qxf4 59. exf4 Kd4 60. Kg3 f5 61. Kh4 Ke3 62. Kg3 Ke4 63. Kg2 Kxf4 64. Kf2 Ke4 65. Ke2 f4 66. Kf2 f3 67. Kf1 Ke3 68. Ke1 f2+ 69. Kf1 Kf3 1/2-1/2

[Event "Asian Games Men 2023"]
[Site "Hangzhou CHN"]
[Date "2023.09.27"]
[Round "8.1"]
[White "Wei Yi"]
[Black "Le Tuan Minh"]
[Result "1-0"]
[WhiteElo "2726"]
[BlackElo "2559"]
[PlyCount "127"]
[EventDate "2023.09.24"]

1. d4 Nf6 2. c4 e6 3. Nc3 Bb4 4. Qc2 O-O 5. e4 d6 6. e5 dxe5 7. dxe5 Ng4 8. Nf3 Nc6 9. Bf4 Nd4 10. Qd3 f6 11. Qxd4 Qxd4 12. Nxd4 fxe5 13. Bxe5 Nxe5 14. Be2 $146 ({RR} 14. Rc1 Rf4 15. Nc2 Bxc3+ 16. bxc3 Nxc4 17. Bxc4 Rxc4 18. Ne3 Rc6 19. O-O Bd7 20. Ng4 Rd6 21. c4 Ba4 22. c5 Rd2 23. Rfe1 Rxa2 24. Rxe6 Re8 25. Rxe8+ Bxe8 26. h3 Rd2 27. Ra1 a6 28. Rb1 Bb5 {Eckert,D (2127)-Nagy,G (2482) Charlotte USA 2022 0-1 (31)}) 14... Ng6 15. O-O e5 16. Nd5 exd4 17. Nxb4 Nf4 18. Bf3 c6 19. Rad1 Bf5 20. Rxd4 g5 21. Rd2 Rad8 22. Rfd1 Rxd2 23. Rxd2 Re8 24. h3 Re1+ 25. Kh2 Rc1 26. Rd8+ Kg7 27. Rb8 b6 28. Rb7+ Kf6 29. b3 Rf1 30. Bxc6 Rxf2 31. Rxa7 Ke5 32. Kg1 Rb2 33. Re7+ Kd6 34. Re1 h5 35. Kh1 h4 36. Bf3 Rf2 37. Rd1+ Ke5 38. Nc6+ Kf6 39. Rd6+ Kg7 40. Nd4 Bc8 41. Rc6 Rd2 42. Rxc8 Rxd4 43. Rc6 Rd2 44. a4 g4 45. hxg4 h3 46. gxh3 Rd3 47. Be4 Re3 48. Bf5 Rxh3+ 49. Kg1 Rxb3 50. Kf2 Nh3+ 51. Ke2 Kf8 52. Kd2 Ke7 53. Re6+ Kf7 54. Re3 Rb2+ 55. Bc2 Ng5 56. Ra3 Ne4+ 57. Kc1 Rb4 58. Rf3+ Kg7 59. Bxe4 Rxc4+ 60. Bc2 Rxg4 61. Rb3 Kh8 62. Rxb6 Rg5 63. Rh6+ Kg7 64. Rg6+ 1-0

[Event "PRO League KO 2023"]
[Site "chess.com INT"]
[Date "2023.05.12"]
[Round "1.4"]
[White "Wei Yi"]
[Black "Eljanov, P.."]
[Result "1/2-1/2"]
[WhiteElo "2722"]
[BlackElo "2705"]
[PlyCount "90"]
[EventDate "2023.05.11"]
[WhiteTeam "Shanghai Tigers"]
[BlackTeam "Norway Gnomes"]

1. e4 c6 2. c4 d5 3. exd5 cxd5 4. d4 Nf6 5. Nc3 e6 6. Nf3 Bb4 7. Bd3 dxc4 8. Bxc4 O-O 9. O-O b6 10. Qe2 Bb7 11. Rd1 Nbd7 12. d5 exd5 13. Nxd5 Re8 14. Be3 Bxd5 15. Bxd5 Nxd5 16. Rxd5 Qe7 17. Qb5 ({RR} 17. Rad1 Nf6 18. Re5 Qb7 19. Qc4 Be7 20. h3 {½-½ (20) Ogaard,L (2358)-Vaisser,A (2452) Prague CZE 2025}) 17... Nf6 18. Re5 Qf8 19. Rc1 $146 ({RR} 19. Bd4 Rad8 20. Rxe8 Nxe8 21. Rc1 Be7 22. g3 Bd6 23. Qa4 Bb8 24. Be5 Bxe5 25. Nxe5 Qd6 26. Re1 Nc7 27. Qxa7 Re8 28. Nf3 Rxe1+ 29. Nxe1 h6 30. Qb8+ Kh7 31. Nf3 Qc6 32. Ne5 Qc1+ 33. Kg2 Qc5 {Krejci,J (2551)-Korpa,B (2482) Germany 2017 1-0 (65)}) 19... Bd6 20. Rxe8 Qxe8 21. Qxe8+ Rxe8 22. g3 Ne4 23. Nd4 Bc5 24. a3 a5 25. Kg2 f6 26. Rc2 h5 27. h4 Kf7 28. Nf5 Re5 29. Bxc5 Rxc5 30. Re2 Rxf5 31. Rxe4 Rc5 32. b4 Rc3 33. bxa5 bxa5 34. Ra4 Rc5 35. Re4 f5 36. Re3 Rb5 37. f4 Rb2+ 38. Kf1 Ra2 39. Ke1 Kf6 40. Kd1 g6 41. Kc1 a4 42. Kd1 Kf7 43. Kc1 Kf6 44. Kd1 Kf7 45. Kc1 Kf6 1/2-1/2

[Event "Global Chess League 2023"]
[Site "Dubai UAE"]
[Date "2023.07.01"]
[Round "10.3"]
[White "Wei Yi"]
[Black "Dominguez Perez, L.."]
[Result "1-0"]
[WhiteElo "2722"]
[BlackElo "2739"]
[PlyCount "99"]
[EventDate "2023.06.22"]
[WhiteTeam "Triveni Continental Kings"]
[BlackTeam "Ganges grandmasters"]

1. c4 e6 2. Nc3 Nf6 3. d4 Bb4 4. a3 Bxc3+ 5. bxc3 b6 6. f3 Nc6 7. e4 Na5 8. Bg5 d6 9. Bd3 h6 10. Bh4 g5 11. Bf2 Ba6 12. h4 Rg8 13. hxg5 hxg5 14. Ne2 Qe7 $146 ({RR} 14... Qd7 15. e5 dxe5 16. dxe5 O-O-O 17. Nd4 Ne8 18. c5 Bxd3 19. Qxd3 Qd5 20. Qa6+ Qb7 21. Qe2 Qd5 22. O-O g4 23. fxg4 Kb8 24. Rfd1 Qb7 25. Nxe6 Rxd1+ 26. Rxd1 Qc6 27. Rd8+ Kb7 28. Rd6 Qa4 29. Qf3+ {Carlsen,M (2876)-Pichot,A (2590) chess24.com INT 2019 1-0}) 15. c5 Bxd3 16. Qxd3 dxc5 17. dxc5 Nd7 18. cxb6 axb6 19. Rd1 Nc6 20. Bg3 Nce5 21. Bxe5 Nxe5 22. Qb5+ Nd7 23. Qc6 Rd8 24. Qxc7 Qc5 25. Qxc5 bxc5 26. Kf2 Ra8 27. Rb1 Ra7 28. Rb5 Ke7 29. Rd1 Rc8 30. a4 Ne5 31. Ra1 Nc4 32. Nc1 Rca8 33. Rxc5 Rxa4 34. Rxa4 Rxa4 35. Rxg5 f6 36. Rg7+ Kd6 37. Rf7 Ra1 38. Ne2 Ke5 39. Rd7 f5 40. f4+ Kf6 41. e5+ Kg6 42. Re7 Ra6 43. Nd4 Ra2+ 44. Kg3 Ne3 45. Rxe6+ Kh5 46. Kf3 Nxg2 47. Nxf5 Ne1+ 48. Kg3 Rg2+ 49. Kh3 Rg6 50. Re8 1-0

[Event "Titled Tue 21st Mar Early"]
[Site "chess.com INT"]
[Date "2023.03.21"]
[Round "7"]
[White "Bok, B.."]
[Black "Wei Yi"]
[Result "0-1"]
[WhiteElo "2607"]
[BlackElo "2722"]
[PlyCount "64"]
[EventDate "2023.03.21"]

1. d4 Nf6 2. c4 e6 3. Nc3 Bb4 4. Qc2 d5 5. a3 Bxc3+ 6. Qxc3 O-O 7. Bg5 c5 8. dxc5 d4 9. Qf3 Nbd7 10. e3 h6 11. Bxf6 Nxf6 12. O-O-O e5 13. Ne2 Bg4 14. Qg3 d3 15. f3 Rc8 16. Nc3 e4 17. fxg4 Rxc5 18. Qf4 $146 ({RR} 18. h4 Rxc4 19. g5 Rxc3+ 20. bxc3 Qc8 21. Kd2 Ng4 22. Qf4 f5 23. Rh3 Qc4 24. Bxd3 Rd8 25. Ke2 exd3+ 26. Kf3 Qa2 27. Kg3 Qe2 28. Qf3 Qxe3 29. Rhh1 hxg5 30. hxg5 Qxg5 31. Qf4 Qxf4+ 32. Kxf4 Nf2 {Dai,C (2363)-Wei,Y (2752) Shao Xing 2022 0-1 (44)}) ({RR} 18. h4 Rxc4 19. g5 Rxc3+ 20. bxc3 Qc8 21. Kd2 Ng4 22. gxh6 Rd8 23. h5 Qe6 24. Ke1 d2+ 25. Rxd2 Rxd2 26. Kxd2 {½-½ (26) Dardha,D (2606)-Sargsyan,S (2655) Petrovac MNE 2024}) 18... g5 19. Qf2 Rxc4 20. Kb1 Qb6 21. Qd2 Rfc8 22. Rc1 Nd5 23. Ka2 Qe6 24. Ka1 Nxc3 25. Rxc3 Rxc3 26. bxc3 Qb3 27. Qb2 Rxc3 28. Qxb3 Rxb3 29. Ka2 Rc3 30. g3 Rc1 31. Bg2 Rxh1 32. Bxh1 d2 0-1

[Event "Shenzhen Nanshan Men 2023"]
[Site "Shenzhen CHN"]
[Date "2023.10.13"]
[Round "3.1"]
[White "Bu Xiangzhi"]
[Black "Wei Yi"]
[Result "0-1"]
[WhiteElo "2690"]
[BlackElo "2726"]
[PlyCount "74"]
[EventDate "2023.10.11"]
[EventType "k.o."]

1. d4 Nf6 2. c4 e6 3. Nc3 Bb4 4. e3 O-O 5. Nge2 Re8 6. a3 Bf8 7. d5 a5 8. g3 exd5 9. cxd5 Na6 10. Bg2 Nc5 11. O-O b6 ({RR} 11... d6 12. Nd4 h5 13. h3 g6 14. Re1 Bg7 15. e4 Nfd7 16. Ndb5 Ne5 17. Bd2 c6 18. dxc6 bxc6 19. Nd4 Ned3 20. Be3 Nxe1 21. Qxe1 Bd7 22. Rd1 Qb6 23. Rd2 Rab8 24. Qd1 Red8 25. Kh2 Be8 26. Nde2 {Kretchetov,A (2149)-Kosakowski,J (2515) chess.com INT 2025 0-1 (50)}) 12. Qc2 Ba6 13. Rd1 Ng4 $146 ({RR} 13... g6 14. Nd4 Bb7 15. e4 Bg7 16. b3 d6 17. Rb1 Qe7 18. f3 Qd7 19. Bf1 Ba6 20. Ncb5 a4 21. b4 Nb3 22. Nxb3 axb3 23. Qc6 Qxc6 24. dxc6 Bxb5 25. Bxb5 b2 26. Bxb2 g5 27. g4 h5 28. h3 {Grigoryan,A (1860)-Rozen,E (2224) Bratislava 2019 1-0 (47)}) 14. Nd4 a4 15. Nxa4 Nxa4 16. Qxa4 Be2 17. Qc2 Bxd1 18. Qxd1 Nf6 19. b3 g6 20. Bb2 Bg7 21. Qc2 Rc8 22. b4 Qe7 23. h3 Ne4 24. Rd1 h5 25. a4 f5 26. Nb5 Qxb4 27. Ba3 Qa5 28. Bxe4 fxe4 29. Nxc7 Kh7 30. Rb1 b5 31. d6 bxa4 32. Qd1 Rf8 33. Rb5 Qc3 34. Bb2 Qd3 35. Rxh5+ gxh5 36. Qxh5+ Bh6 37. Qe5 Qd1+ 0-1

[Event "7th Prague Masters 2025"]
[Site "Prague CZE"]
[Date "2025.02.26"]
[Round "1.5"]
[White "Keymer, Vincent"]
[Black "Wei Yi"]
[Result "1-0"]
[WhiteElo "2731"]
[BlackElo "2755"]
[PlyCount "109"]
[EventDate "2025.02.26"]

1. d4 {Golod,Vitali} Nf6 2. c4 e6 3. Nc3 Bb4 4. Qc2 O-O 5. e4 d5 6. e5 Ne4 7. a3 Bxc3+ 8. bxc3 c5 9. Bd3 cxd4 ({RR} 9... Qa5) 10. cxd4 Nc6 11. Ne2 Qa5+ 12. Kf1 f6 ({RR} 12... Nb4) ({RR} 12... Bd7 13. Rb1 Nd8 ({RR} 13... f6 14. cxd5 exd5 15. Rb5 Qd8 16. Rxd5) 14. f3 f5 15. cxd5 exd5 16. Qb2) 13. Bxe4 dxe4 14. exf6 Rxf6 ({RR} 14... Qf5 15. Be3 Qxf6 16. Qxe4 e5 17. dxe5 Nxe5 18. Bd4 Nxc4 19. Bxf6 Nd2+ 20. Ke1 Nxe4) 15. Be3 Bd7 ({RR} 15... Qa6 16. Ng3 ({RR} 16. Kg1) 16... e5 17. Nxe4 Rf8 18. d5 Bf5 19. Nc5 Qa5 20. Qd1 ({RR} 20. Qa4 Bd3+ 21. Kg1 Qxa4 ({RR} 21... Qc3 22. Qd1) 22. Nxa4 Na5 23. c5) 20... Nd4) ({RR} 15... b6) 16. Kg1 ({RR} 16. Ng3 Rff8 17. Nxe4) 16... Raf8 $146 ({RR} 16... Ne7 17. Qxe4 Nf5 18. Qxb7 ({RR} 18. h3 Qa6 19. Bg5 Nd6 20. Qh4 ({RR} 20. Qc2 Rf5 21. c5 Rxg5 22. cxd6 Qxd6) 20... Rf7 21. Kh2 Nxc4 22. Rhe1) ({RR} 18. Bg5 Bc6 ({RR} 18... Rf7 19. Qxb7) 19. Qe5 Qxe5 20. dxe5 Rf7) 18... Raf8 19. Bg5 ({RR} 19. Bf4 Nxd4 20. Nxd4 Bc8 21. Qb5 ({RR} 21. Nc6 Qc3 22. Be5 Bxb7 23. Bxc3 Rxf2) 21... Qc3 22. Rc1 Qxd4 23. Be3 Qe4) 19... R6f7 ({RR} 19... Nxd4 20. Bxf6 Nxe2+ 21. Kf1 Rxf6 22. Qxd7 Qb6 23. f3) ({RR} 19... Rg6 20. Qxd7 Rxg5 21. Qxe6+ Kh8 22. Qe4) 20. Qb4 Qa6 21. f3 ({RR} 21. Rc1 Rc8 22. h4 ({RR} 22. Kf1 Ba4) ({RR} 22. Bd2 Nd6 23. Qa5 Qxa5 24. Bxa5 Nxc4 25. Bb4 e5 26. dxe5 ({RR} 26. d5 a5) 26... Nxe5 27. Rxc8+ Bxc8 28. f3 Nd3) 22... Nd6 23. Rh3) 21... h6 ({RR} 21... Rc8 22. Rc1 Nd6 23. h3 ({RR} 23. c5 Qxe2 24. cxd6 Rxc1+ 25. Bxc1 Qd1+ 26. Kf2 Qxh1) ({RR} 23. Kf2 Ne4+ 24. Ke3 Nxg5 25. h4 Nxf3 26. gxf3 Bc6) 23... Nxc4 24. Kh2 Nxa3 25. Rxc8+ Bxc8 26. Rc1 Bb7 27. Be7 Nb5) 22. Bd2 Bc6 ({RR} 22... Nd6 23. Rc1 Nxc4 24. Qxc4 Bb5 25. Qb3 Bxe2 26. Kf2) 23. h4 Rb7 24. Qc3 Rfb8 ({RR} 24... Rc8 25. Kf2 Bd5 26. c5 Rb3 27. Qc1 Bc4 ({RR} 27... Qd3 28. Bc3) 28. Qc2 Qa4 29. Qe4 Rb2) 25. Bf4 Rb3 26. Qe1 Rf8 ({RR} 26... Rd8 27. Rc1 ({RR} 27. Nc1 Rb7 28. Qxe6+ Rf7 29. Nb3 Re8 ({RR} 29... Rxd4 30. Bc7 Qxc4 31. Qxc4 Rxc4) 30. Qg6 Ne7 31. Qd6) 27... Qxa3 28. Ra1 Qb2 ({RR} 28... Qe7 29. Be5 Ne3 30. Rc1 Nxg2 31. Kxg2 Bxf3+ 32. Kf2 Bxh1 33. Qxh1 Rf8+ 34. Kg1) 29. Qa5 Rd7 ({RR} 29... Rxd4 30. Ra2 Rd1+ 31. Kf2 Qb1 32. Rxd1 Qxd1 33. Qe5) 30. Ra2 Qb1+ 31. Kh2 Qd3) 27. Nc1 Rxf3 ({RR} 27... Rb7 28. Qc3) 28. Qxe6+ Kh7 ({RR} 28... Rf7 29. gxf3 ({RR} 29. Ne2 Rxf4 30. Nxf4 Nxd4 31. Qe3 Rxf4) 29... Nxd4 30. Qd6 Nxf3+ 31. Kf2 ({RR} 31. Kg2 Qxc4) 31... Rf6 ({RR} 31... Qxc4 32. Ne2) 32. Qd8+ Rf8 33. Qd6 Rf6) 29. Ne2 ({RR} 29. gxf3 Qb6 ({RR} 29... Nxd4 30. Qd6 Nxf3+ 31. Kf2 Rf6 32. Qd3+ Kg8 33. Ne2 ({RR} 33. Kg3) 33... Ne5 34. Qd4 Ng4+ 35. Kg3 Bxh1 36. Rxh1) 30. c5 Qb2 31. Qxc6 Qxd4+ 32. Kg2 Qxa1 33. Qe4) 29... Rf6 ({RR} 29... Rd3 30. h5 ({RR} 30. Qe5 Qxc4 31. Rc1 Qa4 32. Qc5 ({RR} 32. Rc3 Rd1+ 33. Kh2 Rxh1+ 34. Kxh1 Nxh4 35. Rg3 Ng6 36. Qc7 Rf5) 32... Nxd4 33. Qxf8 Nxe2+ 34. Kh2 Qe4 35. Rxc6 Nxf4 36. Rc2 ({RR} 36. Rg1 Rh3+ 37. gxh3 Qe2+ 38. Kh1 ({RR} 38. Kg3 Nh5#) 38... Qf3+ 39. Kh2 Qxh3#) 36... Rh3+ 37. gxh3 Qxc2+ 38. Kg3 Qg2+ 39. Kxf4 Qf2+ 40. Ke4 Qxf8) 30... Rf6 31. Qe5 Qxc4) 30. Qe5 Rxa3 ({RR} 30... Rd3 31. d5 Bd7 32. Qe4) 31. Rxa3 {Morovic Fernandez,I (2583)-Quesada Perez,Y (2478) Havana 2004 CBM 101 [Golod,Vitali] 1-0 (43)}) 17. h4 Ne7 18. Qxe4 Nf5 19. Bg5 Nd6 20. Qd3 Rxf2 21. Be7 Bc6 22. Rh2 Qf5 23. Qxf5 R8xf5 24. d5 exd5 25. Ng3 Nxc4 26. Bc5 R2f4 27. Nxf5 Rxf5 28. Bxa7 b6 29. Rh3 Rf7 30. Bb8 d4 31. Rc1 b5 32. a4 Rd7 33. axb5 Bxb5 34. Rb3 Rd5 35. Bf4 Ne5 36. Rc8+ Kf7 37. Rc7+ Kf6 38. Rb7 Bd7 39. Rg3 Ng4 40. Bg5+ Kf5 41. Rf3+ Kg6 42. Rb6+ Kh5 43. Rf7 Ra5 44. Rd6 Bf5 45. Bc1 d3 46. Rxg7 Kxh4 47. Rf7 Be4 48. Rd4 Bf5 49. Rf4 d2 50. Bxd2 Ra1+ 51. Rf1 Rxf1+ 52. Kxf1 Bd3+ 53. Kg1 Be4 54. Ra7 Bc2 55. Ra5 1-0

[Event "Chessable Masters Div 3 L"]
[Site "chess.com INT"]
[Date "2023.04.05"]
[Round "5.2"]
[White "Mamedyarov, S.."]
[Black "Wei Yi"]
[Result "1/2-1/2"]
[WhiteElo "2738"]
[BlackElo "2722"]
[PlyCount "79"]
[EventDate "2023.04.04"]
[EventType "k.o."]

1. d4 Nf6 2. c4 e6 3. Nc3 Bb4 4. Nf3 O-O 5. Bg5 c5 6. Rc1 h6 7. Bh4 cxd4 8. Nxd4 d5 9. cxd5 Qxd5 10. Bxf6 gxf6 11. a3 Bxc3+ 12. Rxc3 e5 13. Rg3+ Kh7 14. Qc2+ e4 15. e3 Nc6 16. Bc4 $146 ({RR} 16. Nxc6 Qxc6 17. Qxc6 bxc6 18. Bc4 Rb8 19. b4 a5 20. O-O axb4 21. axb4 Rxb4 22. Rc1 Bf5 23. h4 Rb7 24. f3 Re8 25. h5 Rbe7 26. Kh2 c5 27. Bd5 Rc7 28. Rc4 Re5 29. fxe4 Be6 30. Bxe6 fxe6 {Ter Sahakyan,S (2611)-Hayrapetyan,E (2137) chess.com INT 2025 ½-½ (71)}) 16... Nxd4 17. exd4 Qxd4 18. O-O f5 19. Rd1 Qf6 20. h3 Rb8 21. Bb3 Be6 22. Bxe6 Qxe6 23. Qc7 Rfc8 24. Qf4 Rd8 25. Rxd8 Rxd8 26. Rc3 Rd1+ 27. Kh2 Qd6 28. Qxd6 Rxd6 29. Rc7 Rb6 30. b4 Kg6 31. Kg3 a5 32. bxa5 Rb3+ 33. Kf4 Rxa3 34. Rxb7 Rxa5 35. Rb6+ f6 36. Rb2 Rc5 37. Re2 Ra5 38. Rb2 Rc5 39. Re2 Ra5 40. Rb2 1/2-1/2

[Event "7th Prague Masters 2025"]
[Site "Prague CZE"]
[Date "2025.03.02"]
[Round "5.4"]
[White "Shankland, S.."]
[Black "Wei Yi"]
[Result "0-1"]
[WhiteElo "2670"]
[BlackElo "2755"]
[PlyCount "54"]
[EventDate "2025.02.26"]

1. d4 Nf6 2. c4 e6 3. Nc3 Bb4 4. g3 O-O 5. Bg2 d5 6. Nf3 dxc4 7. O-O Nc6 8. a3 Bxc3 9. bxc3 Na5 10. Bg5 c5 11. e4 h6 12. Bh4 e5 13. Bxf6 $146 ({RR} 13. Qc2 Qc7 14. Bxf6 gxf6 15. d5 b5 16. Nh4 Nb7 17. Qe2 Nd6 18. Qh5 Kh7 19. f4 Qe7 20. Rf2 Rg8 21. Qe2 a5 22. Qd2 exf4 23. Rxf4 f5 24. exf5 Qf6 25. Re1 b4 26. axb4 axb4 27. cxb4 c3 {Tsolakidou,S (2359)-Zatonskih,A (2393) Saint Louis 2022 1-0}) 13... Qxf6 14. Qa4 Nb3 15. Nxe5 Be6 16. Rad1 cxd4 17. Nxc4 b5 18. Qxb5 Rab8 19. Qa4 dxc3 20. e5 Qe7 21. Nd6 c2 22. Rde1 Rfc8 23. Nxc8 Rxc8 24. Rc1 Nxc1 25. Rxc1 Qd8 26. Qb5 Qd1+ 27. Qf1 Rd8 0-1

[Event "Shenzhen Nanshan Men 2023"]
[Site "Shenzhen CHN"]
[Date "2023.10.12"]
[Round "2.2"]
[White "Xu, Xiangyu"]
[Black "Wei Yi"]
[Result "1/2-1/2"]
[WhiteElo "2626"]
[BlackElo "2726"]
[PlyCount "77"]
[EventDate "2023.10.11"]
[EventType "k.o."]

1. d4 Nf6 2. c4 e6 3. Nc3 Bb4 4. e3 O-O 5. Bd2 d5 6. a3 Be7 7. Nf3 c5 8. dxc5 Bxc5 9. b4 ({RR} 9. Qc2 dxc4 10. Bxc4 Nbd7 11. Rd1 Be7 12. Ng5 h6 13. h4 Qc7 14. Be2 Rd8 15. Rc1 Nf8 16. Nge4 Nxe4 17. Nxe4 Qxc2 18. Rxc2 Bd7 19. Bb4 Bxb4+ 20. axb4 Bc6 21. Nc5 Bxg2 22. Rg1 Bd5 23. e4 Bc6 {Ding Liren (2788)-Nepomniachtchi,I (2795) Astana KAZ 2023 ½-½ (90)}) 9... Be7 10. cxd5 exd5 11. Be2 Nc6 $146 ({RR} 11... a5 12. bxa5 Nc6 13. O-O Nxa5 14. Nb5 Nc4 15. Bc3 Ne4 16. Bd4 Bg4 17. a4 Bf6 18. Bxf6 Nxf6 19. Qd4 Na5 20. Qb2 Qe7 21. Rfc1 Rfc8 22. Nbd4 Nc6 23. Nb5 Na5 24. Nbd4 Nc6 25. Nb5 Na5 26. Nbd4 {Vakhidov,J (2539)-Ma Qun (2630) Tashkent UZB 2025 ½-½}) 12. O-O Bg4 13. Nd4 Nxd4 14. Bxg4 Nc6 15. Bf3 Ne5 16. Ne2 Qd7 17. Bc3 Nxf3+ 18. gxf3 Rfc8 19. Rc1 Rc4 20. Bxf6 Rxc1 21. Qxc1 Bxf6 22. Rd1 Qh3 23. Ng3 Rd8 24. Qc7 h5 25. Qf4 Kf8 26. a4 h4 27. Nf5 g6 28. Nd4 Be7 29. Qg4 Qxg4+ 30. fxg4 Bxb4 31. Rb1 a5 32. Nc2 Rd6 33. Kf1 Ke7 34. Nxb4 axb4 35. Rxb4 b6 36. Rb5 Ke6 37. h3 Rc6 38. a5 bxa5 39. Rxa5 1/2-1/2

[Event "Shenzhen Nanshan Men 2023"]
[Site "Shenzhen CHN"]
[Date "2023.10.12"]
[Round "2.4"]
[White "Xu, Xiangyu"]
[Black "Wei Yi"]
[Result "0-1"]
[WhiteElo "2626"]
[BlackElo "2726"]
[PlyCount "88"]
[EventDate "2023.10.11"]
[EventType "k.o."]

1. d4 Nf6 2. c4 e6 3. Nc3 Bb4 4. Qc2 d5 5. a3 Bxc3+ 6. Qxc3 O-O 7. Bg5 c5 8. dxc5 d4 9. Qg3 e5 10. Nf3 Nbd7 11. e3 Re8 12. O-O-O Nxc5 13. Nxe5 Qb6 $146 ({RR} 13... Bf5 14. b4 Ne6 15. Nf3 d3 16. Bxf6 Qxf6 17. Qe5 Qg6 18. Qc3 a5 19. Nh4 axb4 20. axb4 Qg4 21. Nxf5 Qxf5 22. Bxd3 Qxf2 23. Rd2 Qh4 24. Kb2 Nd8 25. g3 Qe7 26. Bf5 Qg5 27. e4 g6 28. h4 {Mchedlishvili,M (2633)-Boruchovsky,A (2461) Baku 2013 ½-½ (38)}) 14. exd4 Nb3+ 15. Kb1 Ne4 16. Qf4 Nxg5 17. Qxg5 f6 18. Qh5 Be6 19. c5 Qc7 20. Nc4 Qf4 21. Nd6 g6 22. Qf3 Nd2+ 23. Rxd2 Qxd2 24. Bb5 Rf8 25. Qe4 Bb3 26. h4 Qxf2 27. h5 f5 28. Qe7 Qxg2 29. Re1 gxh5 30. Qe3 Qc2+ 31. Ka1 Rf6 32. Rc1 f4 33. Qe1 Qg6 34. Qf2 Qg7 35. Bd3 Kh8 36. Rg1 Qe7 37. Bb1 Raf8 38. Qf3 Be6 39. Qxh5 f3 40. d5 f2 41. Rf1 Bd7 42. Ne4 Rf5 43. Qh6 Bb5 44. Nd6 R5f6 0-1